Monetario (Record no. 73086)

MARC details
000 -LEADER
campo de control de longitud fija 00591nam a2200181 i 4500
001 - NÚMERO DE CONTROL
campo de control 73086
003 - IDENTIFICADOR DE NÚMERO DE CONTROL
campo de control ES-MaACL
005 - FECHA Y HORA DE LA ÚLTIMA TRANSACCIÓN
campo de control 20230906171651.0
007 - CAMPO FIJO DE DESCRIPCIÓN FÍSICA--INFORMACIÓN GENERAL
campo de control de longitud fija t|
008 - DATOS DE LONGITUD FIJA--INFORMACIÓN GENERAL
campo de control de longitud fija 040906s1957 sp |||| | spa d
100 1# - ENTRADA PRINCIPAL--NOMBRE DE PERSONA
Nombre de persona Golobardes Vila, Miguel.
9 (RLIN) 57712
245 10 - MENCIÓN DEL TÍTULO
Título Monetario
Resto del título : descripción de las piezas /
Mención de responsabilidad, etc. por Miguel Golobardes Vila.
260 ## - PUBLICACIÓN, DISTRIBUCIÓN, ETC.
Lugar de publicación, distribución, etc. [S.l. :
Nombre del editor, distribuidor, etc. Biblioteca Palacio Peralada,
Fecha de publicación, distribución, etc. 1957] (
Lugar de fabricación/manufactura Barcelona :
Fabricante Requesens)
300 ## - DESCRIPCIÓN FÍSICA
Extensión 187 p. ;
Dimensiones 20 cm.
650 #4 - PUNTO DE ACCESO ADICIONAL DE MATERIA--TÉRMINO DE MATERIA
Término de materia o nombre geográfico como elemento de entrada Monedas-
Subdivisión de forma Catálogos.
9 (RLIN) 136528
710 2# - ENTRADA AGREGADA--NOMBRE DE ENTIDAD CORPORATIVA
Nombre de entidad corporativa o nombre de jurisdicción como elemento de entrada Palacio de Perelada.
Unidad subordinada Biblioteca.
9 (RLIN) 140699
852 ## - LOCALIZACIÓN
Ubicación ES-MaACL
Número de control de estantería C-13841
Holdings
Estatus retirado Estado de pérdida Estado de daño No para préstamo Biblioteca de origen Biblioteca actual Ubicación en estantería Fecha de adquisición Fuente de adquisición Total de préstamos Signatura topográfica completa Código de barras Visto por última vez Precio de reemplazo Tipo de ítem Koha
        Biblioteca del Ateneo de Madrid Biblioteca del Ateneo de Madrid Sala Palomar 17/01/2008     C-13841 1076505 23/02/2023 23/02/2023 Libro impreso